logo

Bir Sreshtho Munshi Abdur Rouf Library
Jhenaidah Cadet College

Global Engineering / (Record no. 6575)

MARC details
000 -LEADER
fixed length control field 00494nam a2200205 a 4500
001 - CONTROL NUMBER
JCCL Control Number 6575
003 - CONTROL NUMBER IDENTIFIER
JCCL marc code BD-JhCC
005 - DATE AND TIME OF LATEST TRANSACTION
control field 20180125181634.0
008 - FIXED-LENGTH DATA ELEMENTS--GENERAL INFORMATION
fixed length control field 180125b1966 ru |||| |||| 000 0 eng d
035 ## - SYSTEM CONTROL NUMBER
system control number (BD-JhCC)
040 ## - CATALOGING SOURCE
Original cataloging agency BD-JhCC
Modifying agency BD-JhCC
041 ## - LANGUAGE CODE
Language code of Book eng
082 ## - DEWEY DECIMAL CLASSIFICATION NUMBER
Classification number 624
Author mark and Year VEZ 1966
100 ## - MAIN ENTRY--PERSONAL NAME
Personal name Vezey, V.
245 ## - TITLE STATEMENT
Title Global Engineering /
Statement of responsibility, etc V. Vezey
260 ## - PUBLICATION, DISTRIBUTION, ETC. (IMPRINT)
Place of publication, distribution, etc Rasia:
Name of publisher, distributor, etc Progress Publishers;
Date of publication, distribution, etc 1966
300 ## - PHYSICAL DESCRIPTION
Pagination 236 p;,
Dimensions 16 cm
650 ## - SUBJECT ADDED ENTRY--TOPICAL TERM
Topical term or geographic name as entry element Civil Engineering
942 ## - ADDED ENTRY ELEMENTS (KOHA)
Source of classification or shelving scheme Dewey Decimal Classification
Koha item type Books
Holdings
Source of classification or shelving scheme Damaged status Not for loan Home library Current library Shelving location Date of accession Total Checkouts Full call number Barcode Date last seen Copy number Koha item type
Dewey Decimal Classification     JCC Rouf Library JCC Rouf Library General Stacks 01/25/2018   624 VEZ 1966 8683 01/25/2018 C-1 Books

JCC Library | Contacts | JCC Home

Last Update on 23 September 2017
Copyright @ 2017-2020 JCC Rouf Library
Rouf Library, Jhenidah Cadet College (JCC), Bangladesh